LEADER 01712nam 2200385Ia 450 001 996396437303316 005 20200824124928.0 035 $a(CKB)4330000000356120 035 $a(EEBO)2240898438 035 $a(OCoLC)ocm13419804e 035 $a(OCoLC)13419804 035 $a(EXLCZ)994330000000356120 100 $a19860411d1650 uy | 101 0 $aeng 135 $aurbn||||a|bb| 200 10$aMarkhams method or epitome$b[electronic resource] $ewherein [is] shewed his approved remedies for all diseases whatsoever incident to horses, and they are almost 300 all cured with twelve medicines onely, not of twelve pence cost, and to be got commonly everywhere : also for curing of all oxen, kine, bulls, calves, sheep, lambs, goats, swine, dogs ... and other creatures serviceable for the use of man /$fdivided into twelve general points or heads by Gervase Markham 205 $aThe seventh edition /$bcorrected by the author. 210 $aLondon $cPrinted by Ja. Cottrel for John Harrison, and are to be sold at his shop ...$dM DC L [1650] 215 $a[8], 88 p. $cill 300 $aNumerous errors in paging. 300 $aImperfect: pages faded, stained, and tightly bound with slight loss of print. 300 $aReproduction of original in the Cambridge University Library. 330 $aeebo-0021 606 $aVeterinary medicine$vEarly works to 1800 606 $aHorses$xDiseases 615 0$aVeterinary medicine 615 0$aHorses$xDiseases. 700 $aMarkham$b Gervase$f1568?-1637.$0877321 801 0$bEAG 801 1$bEAG 801 2$bWaOLN 906 $aBOOK 912 $a996396437303316 996 $aMarkhams method or epitome$92308957 997 $aUNISA LEADER 02437nam 2200733Ia 450 001 9910777014703321 005 20200520144314.0 010 $a1-134-45601-8 010 $a0-415-28341-8 010 $a1-138-18049-1 010 $a1-280-07027-7 010 $a0-203-30449-7 035 $a(CKB)1000000000415475 035 $a(SSID)ssj0000288626 035 $a(PQKBManifestationID)11260337 035 $a(PQKBTitleCode)TC0000288626 035 $a(PQKBWorkID)10373777 035 $a(PQKB)10110338 035 $a(MiAaPQ)EBC171219 035 $a(Au-PeEL)EBL171219 035 $a(CaPaEBR)ebr10099683 035 $a(CaONFJC)MIL7027 035 $a(OCoLC)475878559 035 $a(PPN)198460236 035 $a(EXLCZ)991000000000415475 100 $a20020918d2003 uy 0 101 0 $aeng 135 $aurcn||||||||| 181 $ctxt 182 $cc 183 $acr 200 10$aAmerica embattled$b[electronic resource] $eSeptember 11, anti-Americanism, and the global order /$fRichard Crockatt 210 $aLondon ;$aNew York $cRoutledge$d2003 215 $axvi, 205 p 300 $aBibliographic Level Mode of Issuance: Monograph 311 $a0-203-35536-9 311 $a0-415-28342-6 320 $aIncludes bibliographical references (p. [186]-194) and index. 606 $aNational characteristics, American 606 $aAnti-Americanism 606 $aSeptember 11 Terrorist Attacks, 2001$xCauses 606 $aSeptember 11 Terrorist Attacks, 2001$xInfluence 606 $aWar on Terrorism, 2001-2009 606 $aIslamic fundamentalism$xPolitical aspects 606 $aGlobalization$xPolitical aspects 607 $aUnited States$xForeign relations$y2001-2009 607 $aUnited States$xForeign relations$y1989- 607 $aUnited States$xForeign public opinion 615 0$aNational characteristics, American. 615 0$aAnti-Americanism. 615 0$aSeptember 11 Terrorist Attacks, 2001$xCauses. 615 0$aSeptember 11 Terrorist Attacks, 2001$xInfluence. 615 0$aWar on Terrorism, 2001-2009. 615 0$aIslamic fundamentalism$xPolitical aspects. 615 0$aGlobalization$xPolitical aspects. 676 $a327.73 700 $aCrockatt$b Richard$0503801 801 0$bMiAaPQ 801 1$bMiAaPQ 801 2$bMiAaPQ 906 $aBOOK 912 $a9910777014703321 996 $aAmerica embattled$91238137 997 $aUNINA